000 00729nam a22002177a 4500
003 UA-OsUOA
001 65915
007 ta
008 20091214b un ||||| |||| 00| 0 ukr d
100 _aНовиков М.
090 _a330
_bН73
942 _cSA
040 _aUA-OsUOA
_bukr
_cUA-OsUOA
_dUA-OsUOA
245 _aНеобходимые объемы инвестиций и фондовый рынок как потенциальный источник финансирования будущего роста
300 _aС.52-60
955 _a0
041 _aukr
080 _a330
773 0 _w65909
_tМеждународная экономика
_dМ.
_d2009
_g11
650 7 _a330 Економіка взагалі
_2UDC
999 _c351530
_d351530